000 00355nam a22001217a 4500
082 _a332.103
_bFAR
_cMCE, L-29, p-74
245 _aMajles e islahat
_cBank Daulat Pakistan
260 _aPakistan
_bAnjuman Taraqai Urdu
_c1901
300 _axiv, 195 p. :
_bill,
_c20 cm.
526 _a0
_b0
_c0
_d332_103000000000000_FAR
650 _aMCE
_9379
942 _2ddc
_cBK
999 _c541803
_d541803